Indo- China relations and 1962 war / (Record no. 101318)

MARC details
000 -LEADER
fixed length control field 00664nam a22001937a 4500
005 - DATE AND TIME OF LATEST TRANSACTION
control field 20160715130001.0
010 ## - LCCN (DPL NO)
LC control number ENG-115436-437
020 ## - INTERNATIONAL STANDARD BOOK NUMBER
Terms of availability 3500.00 (set of 2 vols.)
International Standard Book Number 9789383784011 (set of 2 vols.)
035 ## - SYSTEM CONTROL NUMBER
System control number EN-98968-969
037 ## - SOURCE OF ACQUISITION
Source of stock number/acquisition DBAD/PUB
082 ## - DEWEY DECIMAL CLASSIFICATION NUMBER
Edition number 355.03109540951
100 ## - MAIN ENTRY--PERSONAL NAME
Personal name K.K.Singh
245 ## - TITLE STATEMENT
Title Indo- China relations and 1962 war /
Statement of responsibility, etc K.K.Singh
246 ## - VARYING FORM OF TITLE
Title proper/short title Indo- China relations and 1962 war; Krishna Kumar Singh
260 ## - PUBLICATION, DISTRIBUTION, ETC. (IMPRINT)
Place of publication, distribution, etc Delhi
Name of publisher, distributor, etc Neeraj Publishing House
Date of publication, distribution, etc 2014
270 ## - ADDRESS
Address 425,Nimri Colony,Ashok Vihar,Phase-IV
City Delhi
Postal code 110052
300 ## - PHYSICAL DESCRIPTION
Extent vii,326p.
Dimensions 22cm(Hb)
942 ## - ADDED ENTRY ELEMENTS (KOHA)
Source of classification or shelving scheme Dewey Decimal Classification
Item type English Books
Classification part 355.03109540951
Call number suffix KRI
Holdings
Withdrawn status Lost status Materials specified (bound volume or other part) Not for loan Collection code Home library Current library Date acquired Source of acquisition Cost, normal purchase price Full call number Barcode Copy number Cost, replacement price Koha item type
    v.-2   Non-fiction Ashok Vihar Ashok Vihar 15/07/2016 DBAD/PUB 3500.00 355.03109540951 KRI EN-98969 1 3500.00 English Books
    V.-1 Not For Loan Non-fiction D.B.Act.Division Bawana 15/07/2016 DBAD/PUB 3500.00 355.03109540951 KRI EN-98968 1 3500.00 English Books

© Delhi Public Library
Hit Counter
free hit counter